|
|
|
|
| LEADER |
01355nam a2200373Ia 4500 |
| 001 |
EBC438410 |
| 003 |
MiAaPQ |
| 005 |
20200520144314.0 |
| 006 |
m o d | |
| 007 |
cr cn||||||||| |
| 008 |
071214s2008 enka sb 001 0 eng d |
| 010 |
|
|
|z 2007051244
|
| 020 |
|
|
|z 9780566087875 (alk. paper)
|
| 020 |
|
|
|z 9780754681359
|
| 020 |
|
|
|z 0566087871 (alk. paper)
|
| 035 |
|
|
|a (MiAaPQ)EBC438410
|
| 035 |
|
|
|a (Au-PeEL)EBL438410
|
| 035 |
|
|
|a (CaPaEBR)ebr10224500
|
| 035 |
|
|
|a (CaONFJC)MIL922665
|
| 035 |
|
|
|a (OCoLC)560651388
|
| 040 |
|
|
|a MiAaPQ
|c MiAaPQ
|d MiAaPQ
|
| 050 |
|
4 |
|a HD61
|b .M87
|
| 100 |
1 |
|
|a Murray-Webster, Ruth.
|
| 245 |
1 |
0 |
|a Managing group risk attitude
|h [electronic resource] /
|c Ruth Murray-Webster and David Hillson.
|
| 260 |
|
|
|a Aldershot, England ;
|a Burlington, VT :
|b Gower,
|c c2008.
|
| 300 |
|
|
|a xviii, 166 p. :
|b ill.
|
| 504 |
|
|
|a Includes bibliographical references (p. [157]-163) and index.
|
| 533 |
|
|
|a Electronic reproduction. Ann Arbor, MI : ProQuest, 2015. Available via World Wide Web. Access may be limited to ProQuest affiliated libraries.
|
| 650 |
|
0 |
|a Risk management.
|
| 650 |
|
0 |
|a Management.
|
| 655 |
|
4 |
|a Electronic books.
|
| 700 |
1 |
|
|a Hillson, David,
|d 1955-
|
| 710 |
2 |
|
|a ProQuest (Firm)
|
| 856 |
4 |
0 |
|u https://ebookcentral.proquest.com/lib/matrademy/detail.action?docID=438410
|z Click to View
|